[Event "Ludwigshafen-ch 12th"]
[Site "Ludwigshafen"]
[Date "1998.??.??"]
[Round "3"]
[White "Duyar, Ugur"]
[Black "Buch, Alexander"]
[Result "1/2-1/2"]
[WhiteElo "1009"]
[BlackElo "1261"]
[PlyCount "38"]
[EventDate "1998.??.??"]
[EventType "swiss"]
[EventRounds "7"]
[EventCountry "GER"]
[SourceTitle "EXT 2001"]
[Source "ChessBase"]
[SourceDate "2000.11.22"]
[SourceVersion "1"]
[SourceVersionDate "2000.11.22"]
[SourceQuality "1"]

1. e4 g6 2. Nc3 Bg7 3. Nf3 d6 4. d4 Nf6 5. Be3 Bg4 6. Be2 Nc6 7. Ng5 Bxe2 8. Qxe2 Qd7 9. d5 Ne5 10. 0-0 Neg4 11. Rad1 Nxe3 12. Qxe3 Bh6 13. e5 Ng4 14. Qf4 Nxe5 15. Nce4 0-0-0 16. Nc5 Qg4 17. Qxg4+ Nxg4 18. Nxf7 Rdf8 19. Nxh8 Rxh8 1/2-1/2

[Event "Ludwigshafen-ch 12th"]
[Site "Ludwigshafen"]
[Date "1998.??.??"]
[Round "2"]
[White "Schwarze, Marianne"]
[Black "Duyar, Ugur"]
[Result "1-0"]
[WhiteElo "1428"]
[BlackElo "1009"]
[PlyCount "49"]
[EventDate "1998.??.??"]
[EventType "swiss"]
[EventRounds "7"]
[EventCountry "GER"]
[SourceTitle "EXT 2001"]
[Source "ChessBase"]
[SourceDate "2000.11.22"]
[SourceVersion "1"]
[SourceVersionDate "2000.11.22"]
[SourceQuality "1"]

1. d4 d5 2. b3 Nc6 3. Bb2 Nf6 4. Nd2 Bf5 5. a3 e6 6. e3 Bd6 7. Ngf3 0-0 8. Be2 Ne4 9. 0-0 Nxd2 10. Qxd2 Be4 11. Rac1 Bxf3 12. Bxf3 Qh4 13. g3 Qh6 14. Bg2 e5 15. Bxd5 Ne7 16. Bxb7 Rab8 17. Ba6 Nd5 18. dxe5 Rb6 19. Bc4 Bxe5 20. Bxe5 Ne7 21. Bxc7 Rc6 22. Bf4 Qh3 23. Qe2 Ng6 24. Qf3 Nxf4 25. Qxc6 1-0